Saul Bellow Bibliography - Statistics

General Stats
  • This quiz has been taken 8 times
  • The average score is 10 of 75
Answer Stats
Type Year Name % Correct
Novel 1959 Henderson the Rain King
100%
Novel 1964 Herzog
100%
Novel 1975 Humboldt's Gift
100%
Novel 1970 Mr. Sammler's Planet
100%
Novel 1953 The Adventures of Augie March
100%
Novel 2000 Ravelstein
86%
Novel 1956 Seize the Day
86%
Novel 1944 Dangling Man
57%
Novel 1947 The Victim
57%
Novel 1982 The Dean's December
43%
Short Story Collection 2001 Collected Stories
29%
Novella 1997 The Actual
29%
Novella 1989 The Bellarosa Connection
29%
Novella 1989 A Theft
14%
Short Story 1951 Looking for Mr. Green
14%
Novel 1987 More Die of Heartbreak
14%
Letter Collection 2010 Saul Bellow: Letters
14%
Short Story Collection 1990 Something to Remember Me By: Three Tales
14%
Non-Fiction Book 1976 To Jerusalem and Back
14%
Short Story 1951 Address by Gooley Mac Dowell to the Hasbeens Club of Chicago
0%
Short Story 1955 A Father-To-Be
0%
Essay 1994 A Half Life
0%
Essay 1994 Allan Bloom
0%
Essay 1994 A Matter of the Soul
0%
Essay 1994 An Interview with Myself
0%
Essay 1994 A Second Half Life
0%
Short Story 1978 A Silver Dish
0%
Essay 1994 A Talk with the Yellow Kid
0%
Short Story 1951 By the Rock
0%
Short Story 1995 By the St. Lawrence
0%
Essay 1994 Chicago: The City That Was, the City That Is
0%
Short Story 1990 Cousins
0%
Short Story 1949 Dora
0%
Essay 1994 Facts That Put Fancy to Flight
0%
Short Story 1982 Him with His Foot in His Mouth
0%
Short Story Collection 1984 Him with His Foot in His Mouth and Other Stories
0%
Essay 1994 Illinois Journey
0%
Essay 1994 In the Days of Mr. Roosevelt
0%
Essay 1994 Isaac Rosenfeld
0%
Essay 1994 Israel: The Six-Day War
0%
Essay Collection 1994 It All Adds Up: From the Dim Past to the Uncertain Future
0%
Essay 1994 John Berryman
0%
Essay 1994 John Cheever
0%
Short Story 1958 Leaving the Yellow House
0%
Essay 1994 Literary Notes on Khrushchev
0%
Short Story 1968 Mosby's Memoirs
0%
Short Story Collection 1968 Mosby's Memoirs and Other Stories
0%
Essay 1994 My Paris
0%
Essay 1994 New York: World-Famous Impossibility
0%
Essay 1994 Nobel Lecture
0%
Omnibus 2003 Novels 1944-1953
0%
Omnibus 2007 Novels 1956-1964
0%
Omnibus 2010 Novels 1970-1982
0%
Omnibus 2015 Novels 1984-2000
0%
Short Story 1949 Sermon by Doctor Pep
0%
Short Story 1990 Something to Remember My By
0%
Essay 1994 Spanish Letter
0%
Essay 1994 The Day They Signed the Treaty
0%
Essay 1994 The Distracted Public
0%
Essay 1994 The French as Dostoyevsky Saw Them
0%
Short Story 1954 The Gonzaga Manuscripts
0%
Essay 1994 The Jefferson Lectures
0%
Play 1965 The Last Analysis
0%
Short Story 1942 The Mexican General
0%
Essay 1994 There Is Simply Too Much to Think About
0%
Essay 1994 The Sealed Treasure
0%
Short Story 1950 Trip to Galena
0%
Short Story 1941 Two Morning Monologues
0%
Essay 1994 Vermont: The Good Place
0%
Novella 1984 What Kind of Day Did You Have?
0%
Essay 1994 White House and Artists
0%
Essay 1994 William Arrowsmith
0%
Essay 1994 Winter in Tuscany
0%
Essay 1994 Writers, Intellectuals, Politics: Mainly Reminiscence
0%
Short Story 1974 Zetland: By a Character Witness
0%
No matching quizzes found
Score Distribution
Percent of People with Each Score
Percentile by Number Answered
Your Score History
You have not taken this quiz